LEADER 01571nam a2200313 i 4500 001 000000195215 003 CaOOAMICUS 005 20210825153432.0 008 101203s2010 gw u000 u ger u 013 $a173881 020 $a978-3-402-10913-7 040 $aSeMil$bita 100 1 $aGiannoulis, Markos.$0(OLS)http://semarc/name/70854 245 14$aDie Moiren :$bTradition und Wandel des Motivs der Schicksalsgöttinen in der antiken und byzantinischen Kunst /$cvon Markos Giannoulis. 264 1$aMünster :$bAschendorff,$c2010. 300 $aVI, 200 p., 44 p. di tav. :$bill. ;$c25 cm. 490 1 $aJahrbuch für Antike und Christentum Ergänzungsband. Kleine Reihe ;$v6 650 4$aArte bizantina.$0(OLS)http://semarc/subject/453 650 4$aDestino.$0(OLS)http://semarc/subject/7665 650 4$aArte - Temi [:] Destino.$0(OLS)http://semarc/subject/36665 650 4$aArte antica - Mitologia greca - Moire.$0(OLS)http://semarc/subject/36666 830 0$aJahrbuch für Antike und Christentum Ergänzungsband. Kleine Reihe ;$v6.$0(OLS)http://semarc/title/17338 850 $aSeMil 852 $aSeMil$W1$xVenegono$y1$m3KA C 6$j222034$B145784$CSeMilBibl$Z2$F157325 $81 961 $aSottoscrizione: Aschendorff 996 $6020$a978-3-402-10913-7$9(OLS)http://semarc/number/186871 996 $6245$aDie Moiren :$bTradition und Wandel des Motivs der Schicksalsgöttinen in der antiken und byzantinischen Kunst$9(OLS)http://semarc/title/281597 996 $6264$aMünster :$bAschendorff$9(OLS)http://semarc/publisher/29674 LEADER 00619naa a2200145 i 4500 001 000000294102 003 CaOOAMICUS 005 20180831172459.0 008 180831n xx u000 u und u 013 $a1384 040 $aSeMil$bita 100 1 $aRizzacasa, Aurelio.$0(OLS)http://semarc/name/24233 245 13$aIl problema etico della demarcazione tra linguaggio descrittivo e prescrittivo. 773 0 $tFondazione e interpretazione della norma.$dBrescia : Morcelliana, copyr. 1986.$z83-372-1277-1$w()42595 996 $6245$aIl problema etico della demarcazione tra linguaggio descrittivo e prescrittivo$9(OLS)http://semarc/title/370190